000 00399nam a2200145Ia 4500
008 210719s1964 xx 000 0 und d
041 _aeng
082 _a320.973 HAML
100 _aHAMILTON (Howard D)
245 _aLegislative apportionment: key to power.
260 _aNY
_bHarper & Row, Publishers
_c1964
300 _aviii,181
_bPB
365 _cRs
650 _aPolitical Situation & Condition
999 _c212736
_d212736